Micro abierto : (Record no. 167484)

MARC details
000 -LEADER
fixed length control field 00572nam a22001817a 4500
005 - DATE AND TIME OF LATEST TRANSACTION
control field 20230609121516.0
008 - FIXED-LENGTH DATA ELEMENTS--GENERAL INFORMATION
fixed length control field 230609b sp |||||||| |||| 00| 0 spa d
020 ## - INTERNATIONAL STANDARD BOOK NUMBER
International Standard Book Number 9788483445679
050 04 - LIBRARY OF CONGRESS CALL NUMBER
Classification number PN1969.C65
Item number M53 2017
245 00 - TITLE STATEMENT
Title Micro abierto :
Remainder of title textos sobre Stand-up comedy /
Statement of responsibility, etc Dani Alés y Rosa María Navarro Romero (coords.)
250 ## - EDITION STATEMENT
Edition statement 1a ed.
260 ## - PUBLICATION, DISTRIBUTION, ETC. (IMPRINT)
Place of publication, distribution, etc Madrid :
Name of publisher, distributor, etc UAM ediciones,
Date of publication, distribution, etc 2017
300 ## - PHYSICAL DESCRIPTION
Extent 218 p. ;
Dimensions 24 cm.
650 #4 - SUBJECT ADDED ENTRY--TOPICAL TERM
Topical term or geographic name as entry element Comedia en vivo
700 1# - ADDED ENTRY--PERSONAL NAME
Personal name Alés,Dani,
Relator term coord.
700 1# - ADDED ENTRY--PERSONAL NAME
Personal name Navarro Romero,Rosa María,
Relator term coord.
942 ## - ADDED ENTRY ELEMENTS (KOHA)
Source of classification or shelving scheme Biblioteca del Cogreso de los Estados Unidos
Koha item type Libro
Holdings
Estado de pérdida Fuente de clasificación Estado del daño No para préstamo Ubicación permanente Ubicación actual Apartado o colección Fecha de adquisición Fuente de adquisición Edición Dependencia de educación superior (DES) Área del conocimiento Total Checkouts Clasificación Código de Barras Date last seen Número de copia Costo por reposición Tipo de recurso
  Biblioteca del Cogreso de los Estados Unidos     Biblioteca de la Facultad de Filosofía Biblioteca de la Facultad de Filosofía General 09/06/2023 Unidad Académica 1a ed. Humanidades Educación y Humanidades   PN1969.C65 M53 2017 BFF000039972 09/06/2023 C:1 1.00 Libro